01014cam a22002773a 45000010005000000030006000050050017000110080041000280400015000690420007000840500007000911000038000982450110001362600029002465000051002755060030003265160020003566530074003766530034004506530037004846530049005216530067005707000030006378300028006678560041006953580PGUSA20140828083034.0040907s2004||||xxu|||||s|||||000 | eng d aPGUSAbeng adc 4aDC1 aWairy, Louis Constant,d1778-184510aRecollections of the Private Life of Napoleon — Completeh[electronic resource] /cLouis Constant Wairy bProject Gutenberg,c2004 aUniform title: Mémoires de Constant. English aPublic domain in the USA. aElectronic text aNapoleon I, Emperor of the French, 1769-1821 -- Relations with valets aValets -- France -- Biography aWairy, Louis Constant, 1778-1845 aNapoleon I, Emperor of the French, 1769-1821 aNapoleon I, Emperor of the French, 1769-1821 -- Contemporaries1 aClark, Walter,d1846-1924 0aProject Gutenbergv358040uhttp://www.gutenberg.org/ebooks/3580